| 000 | 00798nam a2200229 u 4500 | ||
|---|---|---|---|
| 005 | 20250227063832.0 | ||
| 008 | 190131s2017 es r 000 0 spa d | ||
| 020 | _a9788499219097 | ||
| 035 | _aUPN01000228740 | ||
| 049 | _aUNE | ||
| 050 | 4 |
_aLB1050.37 _bP4.2 |
|
| 100 | 1 |
_aPérez Tornero, José Manuel _942545 |
|
| 245 | 1 | 0 |
_aAprender a leer con internet : _bcómo potenciar la alfabetización múltiple a través de internet / _cJosé Manuel Pérez Tornero. |
| 260 |
_aBarcelona, Esp. : _bUNESCO : _bOctaedro, _c2017. |
||
| 300 |
_a63 p. : _bil. col. |
||
| 440 | 0 | _aAprender con internet | |
| 650 | 4 |
_aLECTURA - _xENSEÑANZA ASISTIDA POR COMPUTADORA _95569 |
|
| 650 | 4 |
_aLectura _xEstudio y enseñanza _96274 |
|
| 650 | 4 |
_aInternet en la educación _9602 |
|
| 905 | _aLibro | ||
| 999 |
_c200835 _d200835 |
||